Представление документа в формате RUSMARC

ПолеНазваниеЗначение
  Тип записи a
  Библиографический уровень m
001 Контрольный номер 74b24447591445fb8063eeb909aeddfa
005 Дата корректировки 20140624160126.5
010 Индекс ISBN __
a ISBN 5-89329-543-9
010 Индекс ISBN __
a ISBN 966-521-190-0
200 Заглавие и сведения об ответственности 1_
a Заглавие Управление финансовой стабилизацией предприятия
f Первые сведения об ответственности Бланк Игорь Александрович
210 Выходные данные 1_
a Место издания Киев
c Издательство Эльга:Ника-Центр
d Дата издания 2003
215 Физическое описание __
a Объем 483 с.
225 Серия 2_
a Серия Энциклопедия финансового менеджера;Вып.4
610 Ключевые слова 0_
a Ключевые слова управление
610 Ключевые слова 0_
a Ключевые слова управление инвестициями
610 Ключевые слова 0_
a Ключевые слова управление денежными потоками
610 Ключевые слова 0_
a Ключевые слова финансовая стабилизация
610 Ключевые слова 0_
a Ключевые слова финансовый менеджмент
610 Ключевые слова 0_
a Ключевые слова стабилизация
610 Ключевые слова 0_
a Ключевые слова управление финансовыми рисками
610 Ключевые слова 0_
a Ключевые слова антикризисное управление
686 Индексы других классификаций __
a Классификационный индекс 65.9(2)26-21
2 Код системы rubbk
700 Автор _1
a Фамилия Бланк Игорь Александрович
801 Источник записи _0
a Страна RU
b Организация РУК
c Дата составления 20030924
g Правила каталогизации PSBO
801 Источник записи _1
a Страна RU
b Организация РУК
c Дата составления 20030924
g Правила каталогизации PSBO
852 Данные о местонахождении __
i Авторский знак Б68
j Шифр хранения ББК 65.9(2)26
901 Тип документа __
t Тип документа m
938 Служебная информация __
a Название организации Головной вуз
b Имя БД BOOK
c Название АИБС АИБС ИРБИС